| 000 | 00000nam 2200000za 4500 |
| 001 | 9.802743 |
| 003 | CaOODSP |
| 005 | 20221107135043 |
| 007 | cr ||||||||||| |
| 008 | 150826q2015 oncd #o f000 0 fre d |
| 040 | |aCaOODSP|bfre |
| 043 | |an-cn--- |
| 086 | 1 |aR5-75/2015F-PDF |
| 245 | 00|aEnquête auprès des peuples autochtones de 2012 |h[ressource électronique] : |bdifférences entre les sexes au niveau de la scolarité et de l'emploi chez les Métis. |
| 260 | |a[Ottawa] : |bLa recherche stratégique, Affaires autochtones et Développement du Nord Canada, |c[2015?]. |
| 300 | |a[4] p. : |bill. en coul. |
| 500 | |aPubli. aussi en anglais sous le titre : The 2012 Aboriginal Peoples Survey : gender differences in Métis education and employment. |
| 692 | 07|2gccst|aMétis |
| 692 | 07|2gccst|aÉducation |
| 692 | 07|2gccst|aEmploi |
| 710 | 1 |aCanada.|bAffaires autochtones et Développement du Nord Canada. |bDirection de la recherche stratégique. |
| 775 | 08|tThe Aboriginal Peoples Survey 2012 |w(CaOODSP)9.802742 |
| 856 | 40|qPDF|s373 Ko|uhttps://publications.gc.ca/collections/collection_2015/aadnc-aandc/R5-75-2015-fra.pdf |